000
00299nam a2200133Ia 4500
008
201214s9999 xx 000 0 und d
100
_a
Chapel, Yves
245
0
_a
Administrative management for development
260
_a
Geneva
260
_b
UNESCO
260
_c
1983
300
_a
220
942
_c
BK
999
_c
5947
_d
5947